Requisit moderner Weiblichkeit (Titelsatznr. 55078)
[ MARC ]
| 000 -Satzkennung | |
|---|---|
| Kontrollfeld mit fester Länge | 00928nam a22002773u 4500 |
| 001 - Kontrollnummer | |
| Kontrollfeld | 810905 |
| 003 - Kontrollnummer Identifier | |
| Kontrollfeld | RU-10907106 |
| 005 - Datum und Zeit der letzten Transaktion | |
| Kontrollfeld | 20220125000835.0 |
| 007 - Feld mit fester Länge zur physischen Beschreibung - Allgemeine Information | |
| Kontrollfeld mit fester Länge | tu |
| 008 - Feld mit fester Länge zur physischen Beschreibung - Allgemeine Angaben | |
| Kontrollfeld mit fester Länge | 210301s2021 gw |||| 000u ger d |
| 020 ## - Internationale Standardbuchnummer | |
| Verknüpfung | 978-3-96023-381-7 |
| Internationale Standardbuchnummer | 9783960233817 |
| 040 ## - Katalogisierungsquelle | |
| Original-Katalogisierungsstelle | RU-10907106 |
| Katalogisierungssprache | ger |
| Übertragungsstelle | RU-10907106 |
| 100 1# - Haupteintragung - Personenname | |
| Funktionsbezeichnungscode | aut |
| Personenname | Oesterreicher, Susanne |
| Funktionsbezeichnung | VerfasserIn |
| Koha-Normdatenidentnummer | 1055 |
| 245 00 - Titel | |
| Titel | Requisit moderner Weiblichkeit |
| Zusatz zum Titel | die Frauenhose in der Bundesrepublik Deutschland und DDR (1949-1975) |
| 264 ## - Produktion, Veröffentlichung, Distribution, Herstellung und Urheberrechtsvermerk | |
| Herstellungs-, Veröffentlichungs- Vertriebs-, Erzeugungsort | Leipzig |
| Produzent, Herausgeber, Distributor, Hersteller | Leipziger Universitätsverlag |
| Datum der Herstellung, der Veröffentlichung, des Vertriebs oder des Urheberschutzvermerks | 2020 |
| 336 ## - Inhaltstyp | |
| Quelle | rdacontent |
| Inhaltstypterm | Text |
| Inhaltstypcode | txt |
| 337 ## - Medientyp | |
| Quelle | rdamedia |
| Bezeichnung des Medientyps | Ohne Hilfsmittel zu benutzen |
| Medientypcode | n |
| 338 ## - Datenträgertyp | |
| Quelle | rdacarrier |
| Datenträgertypbezeichnung | Band |
| Datenträgertypcode | nc |
| 648 ## - Nebeneintragung unter einem Schlagwort - Zeitschlagwort | |
| Zeitschlagwort | 1949-1975 |
| Koha-Normdatenidentnummer | 1056 |
| 650 #7 - Nebeneintragung unter einem Schlagwort - Sachschlagwort | |
| Quelle der Ansetzung oder des Terms | gnd |
| Sachschlagwort oder geografischer Name als Eintragungselement | Geschlechterforschung |
| Koha-Normdatenidentnummer | 1057 |
| 650 #7 - Nebeneintragung unter einem Schlagwort - Sachschlagwort | |
| Quelle der Ansetzung oder des Terms | gnd |
| Sachschlagwort oder geografischer Name als Eintragungselement | Damenhose |
| Koha-Normdatenidentnummer | 1058 |
| 650 #7 - Nebeneintragung unter einem Schlagwort - Sachschlagwort | |
| Quelle der Ansetzung oder des Terms | gnd |
| Sachschlagwort oder geografischer Name als Eintragungselement | Weiblichkeit |
| Koha-Normdatenidentnummer | 1059 |
| 650 #7 - Nebeneintragung unter einem Schlagwort - Sachschlagwort | |
| Quelle der Ansetzung oder des Terms | gnd |
| Sachschlagwort oder geografischer Name als Eintragungselement | Soziokultureller Wandel |
| Koha-Normdatenidentnummer | 1060 |
| 651 #0 - Nebeneintragung unter einem Schlagwort - Geografischer Name | |
| Geografischer Name | Deutschland |
| Koha-Normdatenidentnummer | 80 |
| 942 ## - Zusätzliche Felder (Koha) | |
| Klassifikation oder Aufstellungssystematik | Andere/Generische Klassifikation |
| Koha-Medientyp | Monographien |
| Ausgeschieden | Verloren | Klassifikation oder Aufstellungssystematik | Beschädigt | Nicht entleihbar | Heimatbibliothek | Aufenthaltsbibliothek | Aufstellungsort | Erwerbungsdatum | Inventarnummer | Signatur | Barcode | Letzte Aktivität | Preis gültig von | Koha-Medientyp |
|---|---|---|---|---|---|---|---|---|---|---|---|---|---|---|
| Andere/Generische Klassifikation | MWN Osteuropa | MWN Osteuropa | Lesesaal - 1 | 01/03/2021 | 21-00877 | D 53 k Oes | E00401082D370A95 | 17/03/2021 | 22/03/2021 | Monographien |